000 00384nam a2200169Ia 4500
003 OSt
005 20240313152659.0
008 170619s9999 xx 000 0 und d
020 _a8175562501
040 _cIIMT ENGINEERING COLLEGE
100 _aSINGH, R P
245 0 _aGeneral English
260 _bPragati Prakashan
260 _c2001
546 _aENGLISH
942 _2ddc
_c02
999 _c16251
_d16251